Enriques surfaces

Αποθηκεύτηκε σε:
Λεπτομέρειες βιβλιογραφικής εγγραφής
Κύριος συγγραφέας: Cossec, Francois R.
Άλλοι συγγραφείς: Dolgachev, I. (Igor V.)
Μορφή: Βιβλίο
Γλώσσα:English
Δημοσίευση: Boston : Birkhauser, 1989
Σειρά:Progress in mathematics (Boston, Mass.) ; 76
Θέματα:
Ετικέτες: Προσθήκη ετικέτας
Δεν υπάρχουν, Καταχωρήστε ετικέτα πρώτοι!

MARC

LEADER 00000nam a2200000 i 4500
001 1/89804
008 990915s1989 eng d
020 |a 0-8176-3417-7 
035 |l 10052886 
040 |a GR-MY-UA  |b gre  |e aacr 
041 0 |a eng 
082 0 |a 516.352 
100 1 |a Cossec, Francois R. 
245 1 0 |a Enriques surfaces /  |c Francois R. Cossec, Igor V. Dolgachev 
260 |a Boston :   |b Birkhauser,   |c 1989 
300 |a v. <1 >;  |b ill.;  |c 24 cm. 
490 1 |a Progress in mathematics (Boston, Mass.)  |v ; 76 
500 |a Includes bibliographical references and index 
650 0 0 |a Enriques surfaces. 
700 1 |a Dolgachev, I.  |q (Igor V.) 
830 0 |a Progress in mathematics (Boston, Mass.)  |v ; 76 
852 |a INST  |b SAMOS  |e 19990915  |h 516.352 COS  |p 005300012251  |q 005300012251  |t BK  |y 0 
901 |a BIBL3-1999-3 
909 |a Σ  |b 067129 
922 |a 3ΕΛΗ  |b 199907  |c ΕΠΕΑΕΚ/ΜΑΘ  |d ΠΑΠΑΣΩΤΗΡΙΟΥ 
970 |a ΠΟΥΡΝΑΡΑΣ  |b ΔΗΜΗΤΡΗΣ  |z 1999/09/15